00970cam a22002291 4500001001300000003000400013005001700017008004100034010001700075035001900092040001800111042001200129050002100141110004500162245020600207260004400413300001800457500001700475650004500492740018600537999001700723sa 67004019 DLC20260227112343.0780808s1951 ii f000 0 eng  asa 67004019  a(OCoLC)4119875 aDLCcMnUdDLC apremarc00aHE1783.I4bA49981 aIndia (Republic).bRailway Inspectorate.10aRailway accidents;breport on the collision between 2 down Delhi-Calcutta mail and 4 down Bombay Calcutta mail at Hirodih station on the Grand Chord section of the E. I. Railway on 21st December, 1947. aDelhi,bManager of Publications,c1951. a10 p.c34 cm. aCover title. 0aRailroad accidentszIndiavCase studies.0 aReport on the collision between 2 down Delhi-Calcutta Mail and 4 down Bombay Calcutta Mail at Hirodih station on the Grand Chord section of the E. I. Railway on 21st December, 1947. c74222d74222